[Event "ARU-ch"]
[Site "Surfside Marina"]
[Date "2019.06.16"]
[Round "9.2"]
[White "Tromp, Hubert Randolf"]
[Black "Diaz, Maria MA"]
[Result "0-1"]
[WhiteElo "1639"]
[BlackElo "1855"]
[PlyCount "84"]
[EventDate "2019.06.07"]
[EventType "tourn"]
[EventRounds "9"]
[EventCountry "ARN"]
[SourceTitle "EXT 2024"]
[Source "ChessBase"]
[SourceDate "2023.10.10"]
[SourceVersion "1"]
[SourceVersionDate "2023.10.10"]
[SourceQuality "1"]

1. c4 g6 2. g3 Bg7 3. Bg2 d6 4. d4 c6 5. Nc3 Nf6 6. Nf3 0-0 7. 0-0 Nbd7 8. e4 e5 9. h3 Qb6 10. d5 c5 11. a3 a6 12. Rb1 Qc7 13. b4 cxb4 14. Rxb4 Nc5 15. Re1 Nfd7 16. Be3 Qa5 17. Qc1 Nd3 18. Ra4 Qxa4 19. Nxa4 Nxc1 20. Rxc1 Re8 21. c5 dxc5 22. Nxc5 Nxc5 23. Bxc5 Bd7 24. Bb6 Rac8 25. Rb1 Bf8 26. Ba5 b5 27. Bb4 Bxb4 28. axb4 f6 29. Nd2 Rc3 30. Nb3 Rec8 31. Na5 Rc1+ 32. Rxc1 Rxc1+ 33. Kh2 Rb1 34. g4 Rxb4 35. Nb7 Rc4 36. Bf1 Rxe4 37. Nc5 Re1 38. Kg2 Bc8 39. d6 Rd1 40. d7 Bxd7 41. Nxa6 Bc6+ 42. Kg1 Bd5 0-1

[Event "ARU-ch"]
[Site "Surfside Marina"]
[Date "2019.06.08"]
[Round "2"]
[White "Tromp, Hubert Randolf"]
[Black "Croes, Octavio"]
[Result "0-1"]
[WhiteElo "1635"]
[BlackElo "1812"]
[PlyCount "87"]
[EventDate "2019.06.07"]
[EventType "tourn"]
[EventRounds "9"]
[EventCountry "ARN"]
[SourceTitle "EXT 2024"]
[Source "ChessBase"]
[SourceDate "2023.10.10"]
[SourceVersion "1"]
[SourceVersionDate "2023.10.10"]
[SourceQuality "1"]

1. d4 Nf6 2. c4 e6 3. Nc3 Bb4 4. e3 0-0 5. Bd3 d5 6. Nf3 c5 7. 0-0 Nc6 8. cxd5 exd5 9. dxc5 Bxc5 10. h3 Re8 11. b3 h6 12. Bb2 Be6 13. Nb5 Rc8 14. Rc1 Bf8 15. Nbd4 Nxd4 16. Nxd4 Bd7 17. Bb5 Bxb5 18. Nxb5 Qa5 19. a4 Rxc1 20. Bxc1 Ne4 21. Qd3 a6 22. Nd4 Bc5 23. Bb2 Qd2 24. Qxd2 Nxd2 25. Rd1 Bxd4 26. Rxd2 Bxb2 27. Rxb2 Rc8 28. Kf1 b5 29. Ke2 Rc3 30. axb5 axb5 31. b4 Kf8 32. Kd2 Rc4 33. Kd3 Ke7 34. f3 Ke6 35. g3 f5 36. f4 g5 37. h4 gxf4 38. gxf4 d4 39. Rg2 Kd5 40. Rg6 Rxb4 41. exd4 Rxd4+ 42. Ke3 Re4+ 43. Kf3 Re6 44. Rg7 0-1

[Event "ARU-ch"]
[Site "Oranjestad"]
[Date "2018.04.13"]
[Round "6"]
[White "Croes, Octavio"]
[Black "Tromp, Hubert Randolf"]
[Result "1/2-1/2"]
[WhiteElo "1814"]
[BlackElo "1624"]
[PlyCount "107"]
[EventDate "2018.04.06"]
[EventType "tourn"]
[EventRounds "9"]
[EventCountry "ARN"]
[SourceTitle "EXT 2024"]
[Source "ChessBase"]
[SourceDate "2023.10.10"]
[SourceVersion "1"]
[SourceVersionDate "2023.10.10"]
[SourceQuality "1"]

1. c4 e5 2. g3 c6 3. Bg2 d5 4. Nf3 e4 5. Nd4 Nf6 6. Nc3 Bc5 7. Nb3 Bb6 8. cxd5 cxd5 9. 0-0 0-0 10. d3 exd3 11. Qxd3 Be6 12. Rd1 Nc6 13. Nxd5 Bxd5 14. Bxd5 Nxd5 15. Qxd5 Qf6 16. Rf1 h6 17. Qd7 Qe7 18. Qxe7 Nxe7 19. e4 Nc6 20. Bf4 Rad8 21. Rfd1 Rfe8 22. Re1 Nd4 23. Nxd4 Bxd4 24. Rab1 g5 25. Bc7 Rc8 26. Bd6 Rc2 27. Rf1 Rxe4 28. Rbc1 Ree2 29. Rxc2 Rxc2 30. g4 b5 31. a3 a6 32. Rd1 Bxb2 33. Bb4 Rc1 34. Rxc1 Bxc1 35. Kg2 a5 36. Bxa5 Bxa3 37. Kf3 Bc5 38. Be1 Kg7 39. Ke4 Kg6 40. h3 b4 41. f3 b3 42. Kd3 Ba3 43. Bc3 b2 44. Kc2 f5 45. Ba5 Kf7 46. Bb6 Kg6 47. Bd4 h5 48. Bc3 fxg4 49. fxg4 h4 50. Bd2 Be7 51. Kxb2 Kf6 52. Kc3 Ke6 53. Kd4 Bd8 54. Ke4 1/2-1/2

[Event "ARU-ch"]
[Site "Oranjestad"]
[Date "2018.04.08"]
[Round "4"]
[White "Stetsenko, Ilya"]
[Black "Tromp, Hubert Randolf"]
[Result "0-1"]
[WhiteElo "1340"]
[BlackElo "1624"]
[PlyCount "94"]
[EventDate "2018.04.06"]
[EventType "tourn"]
[EventRounds "9"]
[EventCountry "ARN"]
[SourceTitle "EXT 2024"]
[Source "ChessBase"]
[SourceDate "2023.10.10"]
[SourceVersion "1"]
[SourceVersionDate "2023.10.10"]
[SourceQuality "1"]

1. d4 Nf6 2. Nf3 d5 3. Bf4 c5 4. c3 Nc6 5. e3 cxd4 6. exd4 Bf5 7. Qb3 Qc8 8. Ne5 e6 9. Bb5 a6 10. Bxc6+ bxc6 11. Qa4 Bd6 12. Bg3 0-0 13. Nxc6 Qd7 14. Bxd6 Qxd6 15. Ne5 Rfb8 16. b3 Rc8 17. Na3 Ne4 18. Qb4 Qxb4 19. cxb4 Rc3 20. b5 axb5 21. Nxb5 Rc2 22. f3 Nf2 23. Rf1 Nd3+ 24. Kd1 Nxe5 25. dxe5 Raxa2 26. Rxa2 Rxa2 27. Nd4 Bg6 28. b4 Rb2 29. b5 Bd3 30. Re1 Bxb5 31. Nxb5 Rxb5 32. Re2 g5 33. Rc2 Kg7 34. Ke2 h5 35. Ke3 Rb4 36. h3 h4 37. Kd3 Kg6 38. Rc7 Ra4 39. Ke3 Ra2 40. f4 gxf4+ 41. Kxf4 Rxg2 42. Rc8 Kg7 43. Ra8 Rg3 44. Ra4 Rxh3 45. Kg5 Re3 46. Kf4 Re1 47. Ra2 Re4+ 0-1

[Event "ARU-ch"]
[Site "Oranjestad"]
[Date "2018.04.06"]
[Round "1"]
[White "Tromp, Hubert Randolf"]
[Black "Jacopucci, Enrique"]
[Result "0-1"]
[WhiteElo "1624"]
[BlackElo "1609"]
[PlyCount "22"]
[EventDate "2018.04.06"]
[EventType "tourn"]
[EventRounds "9"]
[EventCountry "ARN"]
[SourceTitle "EXT 2024"]
[Source "ChessBase"]
[SourceDate "2023.10.10"]
[SourceVersion "1"]
[SourceVersionDate "2023.10.10"]
[SourceQuality "1"]

1. e4 c5 2. Nf3 d6 3. d4 cxd4 4. Nxd4 Nf6 5. Nc3 a6 6. Bc4 Nc6 7. Nxc6 bxc6 8. 0-0 Bg4 9. Qd3 Qc8 10. Be3 e6 11. Bb3 Be7 0-1